[Event "TUR-chT 1st League"]
[Site "Konya"]
[Date "2022.08.26"]
[Round "7.3"]
[White "Avtepe, Can"]
[Black "Altun, Arda"]
[Result "0-1"]
[WhiteElo "1357"]
[BlackElo "2203"]
[PlyCount "86"]
[EventDate "2022.08.22"]
[EventType "team-swiss"]
[EventRounds "9"]
[EventCountry "TUR"]
[SourceTitle "CBM 209 Extra"]
[Source "ChessBase"]
[SourceDate "2022.09.30"]
[SourceVersion "1"]
[SourceVersionDate "2022.09.30"]
[SourceQuality "1"]
[WhiteTeam "Ankara Dernegi"]
[BlackTeam "Beyazkale Dernegi"]
[WhiteTeamCountry "TUR"]
[BlackTeamCountry "TUR"]

1. e4 c6 2. d4 d5 3. Nc3 dxe4 4. Nxe4 Bf5 5. Ng3 Bg6 6. Nf3 Nf6 7. Bd3 e6 8. 0-0 Nbd7 9. Bg5 Be7 10. Re1 0-0 11. Qd2 c5 12. Bxg6 hxg6 13. Rad1 cxd4 14. Nxd4 Qb6 15. Qe2 Rfd8 16. Qb5 Rac8 17. c3 Rc5 18. Qxb6 Nxb6 19. Bxf6 gxf6 20. Nb3 Rcd5 21. Rxd5 Rxd5 22. f3 Nc4 23. Re2 Rd1+ 24. Kf2 Rb1 25. Nd2 Bc5+ 26. Re3 Bxe3+ 27. Ke2 Rxb2 28. Kd3 Rxd2+ 29. Kxc4 Rxg2 30. Ne4 f5 31. Nc5 Bxc5 32. Kxc5 Rxa2 33. h3 a5 34. f4 Rb2 35. h4 a4 36. h5 gxh5 37. c4 a3 38. Kd6 a2 39. c5 a1Q 40. c6 bxc6 41. Ke7 Rb7+ 42. Kd6 Qd4+ 43. Kxc6 Qd5# 0-1